The Magician's Land / (Record no. 6669)

MARC details
000 -LEADER
fixed length control field 00576nam a22002057a 4500
003 - CONTROL NUMBER IDENTIFIER
control field OSt
005 - DATE AND TIME OF LATEST TRANSACTION
control field 20251201145159.0
008 - FIXED-LENGTH DATA ELEMENTS--GENERAL INFORMATION
fixed length control field 251201b |||||||| |||| 00| 0 eng d
020 ## - INTERNATIONAL STANDARD BOOK NUMBER
International Standard Book Number 978-0-14-751614-5
040 ## - CATALOGING SOURCE
Original cataloging agency DWCL - Main
Transcribing agency OC
082 ## - DEWEY DECIMAL CLASSIFICATION NUMBER
Classification number F G878m 2014
100 ## - MAIN ENTRY--PERSONAL NAME
Personal name Grossman, Lev
Relator term Author
245 ## - TITLE STATEMENT
Title The Magician's Land /
Statement of responsibility, etc. Lev Grossman
260 ## - PUBLICATION, DISTRIBUTION, ETC.
Place of publication, distribution, etc. USA;
Name of publisher, distributor, etc. Penguin Random House,
Date of publication, distribution, etc. c2014.
300 ## - PHYSICAL DESCRIPTION
Extent 401 pages;
Dimensions 21cm.
650 ## - SUBJECT ADDED ENTRY--TOPICAL TERM
Topical term or geographic name entry element 1. Magic -- Fiction
650 ## - SUBJECT ADDED ENTRY--TOPICAL TERM
Topical term or geographic name entry element 2. College Student -- Fiction
651 ## - SUBJECT ADDED ENTRY--GEOGRAPHIC NAME
Geographic name 3. Fantasy -- Fiction
942 ## - ADDED ENTRY ELEMENTS (KOHA)
Source of classification or shelving scheme Dewey Decimal Classification
Koha item type Fiction
Suppress in OPAC No
952 ## - LOCATION AND ITEM INFORMATION (KOHA)
--
Holdings
Withdrawn status Lost status Source of classification or shelving scheme Damaged status Not for loan Home library Current library Shelving location Date acquired Source of acquisition Cost, normal purchase price Total Checkouts Full call number Barcode Date last seen Copy number Price effective from Koha item type Uniform Resource Identifier
    Dewey Decimal Classification     Junior High School Library Junior High School Library Fiction 03/09/2023 Library Fund 675.00   F G878m 2014 JHS - 21045 12/01/2025 c1 12/01/2025 FIC.